000 01532nam2a22002651 4500
001 RU\NLR\INFOCOMM17\1000436995
005 20250617130147.0
035 _a(NLR Aleph) 002616630
090 _a3578435
_c3578434
100 _a20040701d1948 |||y0rusy50 ca
101 0 _arus
102 _aRU
105 _ay |||||||||
200 1 _aФизико-механические основы электрического рудничного подъема
_fФ.Н. Шклярский
210 _d1948
_aБ. м.
215 _a[2-е изд.]
461 0 _1001RU\NLR\INFOCOMM17\1000436945
_12001#$aЗаписки Санкт-Петербургского ордена Ленина, ордена Октябрьской Революции и ордена Трудового Красного Знамени горного института им. Г.В. Плеханова$vТ.21
_93060802
_aСанкт-Петербургский государственный горный институт им. Г. В. Плеханова
_cСПб.
_d1907 - 2011
_tЗаписки Санкт-Петербургского ордена Ленина, ордена Октябрьской Революции и ордена Трудового Красного Знамени горного института им. Г.В. Плеханова
_x0135-3500
_vТ.21
700 1 _aШклярский
_bФ.Н.
_4070
801 1 _aRU
_bInfoComm
_c20040701
801 0 _aRU
_bNLR
_gPSBO
852 _aNLR
_jП11/215
942 _cISSUE
980 _aNB
980 _aRUSPER